LEADER 00907nam a2200217 i 4500 001 000000093783 003 CaOOAMICUS 005 20080219000000.0 008 080219s1906 it u000 u ita u 013 $a66025 040 $aSeMil$bita 100 1 $aBettoni, Pio.$0(OLS)http://semarc/name/41233 245 10$aInaugurandosi il ricordo marmoreo a Gasparo da Salò :$b7 settembre 1906 /$cPio Bettoni. 260 $aSalò :$bTip. Gio. Devoti,$c1906. 300 $a18 p. ;$c24 cm. 650 4$aGasparo : da Salò .$0(OLS)http://semarc/subject/16812 850 $aSeMil 852 $aSeMil$W1$xVenegono$y1$m5D V 17/26$j55986$B55986$CSeMilBibl$Z2$F61384 $81 961 $aRecupero: Altro 996 $6245$aInaugurandosi il ricordo marmoreo a Gasparo da Salò :$b7 settembre 1906$9(OLS)http://semarc/title/139304 996 $6260$aSalò :$bTip. Gio. Devoti$9(OLS)http://semarc/publisher/41787 LEADER 00900naa a2200157 i 4500 001 000000293800 003 CaOOAMICUS 005 20180831172453.0 008 180831n xx u000 u und u 013 $a1051 040 $aSeMil$bita 100 1 $aHellholm, David.$0(OLS)http://semarc/name/11246 245 10$a"Rejoice and be glad, for your reward is great in heaven" :$ban attempt at solving the structural problem of Matt 5: 11-12. 650 4$aBibbia. Nuovo Testamento. Vangelo secondo Matteo - Commentari, studi, critica, interpretazioni.$0(OLS)http://semarc/subject/32 773 0 $tFestschrift Günter Wagner.$dBern [etc.] : Peter Lang, 1994.$kInternational theological studies : contributions of Baptist scholars$z3-906752-07-0$w()42346 996 $6245$a"Rejoice and be glad, for your reward is great in heaven" :$ban attempt at solving the structural problem of Matt 5: 11-12$9(OLS)http://semarc/title/369890